000
00334nam a2200145Ia 4500
008
230718s9999 xx 000 0 und d
041
_a
Eng.
082
_a
340
_b
SAE-P
100
_a
Saeed, Malik. M (ed)
245
0
_a
P. L.D (1975)
260
_a
Pakistan
_b
All Pallisian leful
_c
1975
300
_a
124
650
_a
Law
999
_c
26955
_d
26955